| 000 | 00963nam a2200337 i 4500 | ||
|---|---|---|---|
| 001 | bgj | ||
| 100 | 1 |
_aTWAIN, Mark _d(1835-1910). |
|
| 245 | 1 | 0 |
_aThe Adventures of Huckleberry Finn / _cMark Twain. |
| 250 | _aPenguin/Godfrey Cave edition. | ||
| 260 |
_aLondon : _bPenguin Books, _c1994. |
||
| 300 |
_a281 pp ; _c19 cm. |
||
| 490 | 1 | _aPenguin Popular Classics | |
| 500 | _aReal name of the author: Samuel Langhorne Clemens. | ||
| 650 | 9 | _aRunaway children | |
| 650 | 9 | _aMale friendship | |
| 650 | 9 | _aFugitive slaves | |
| 650 | 9 | _aRace relations | |
| 650 | 9 | _aBoys | |
| 650 | 9 | _aAdventure fiction | |
| 650 | 9 | _aHumorous fiction | |
| 650 | 9 | _aBildungsromans | |
| 655 | _aFiction | ||
| 700 | 1 |
_aCLEMENS, Samuel _bLanghorne _d(1835-1910) |
|
| 830 | _aPenguin Popular Classics | ||
| 020 | _a0140620648 (pbk) | ||
| 040 | _cBPK | ||
| 041 | 0 | _aeng | |
| 920 | _a0-14-062064-8 (pbk) | ||
| 942 | _cKS | ||
| 008 | s uk f |000 0 eng | ||
| 999 |
_c48009 _d48009 |
||
| 856 |
_uhttp://koha.tu.koszalin.pl/cgi-bin/koha/opac-detail.pl?biblionumber=48009 _yKatalog online BPK |
||